[Event "Swiss Queens Wed #4"]
[Site "FIDE Online Arena INT"]
[Date "2024.02.21"]
[Round "6"]
[White "Gorli, Nyna"]
[Black "Mahdian, Anousha"]
[Result "1-0"]
[WhiteElo "1615"]
[BlackElo "2069"]
[PlyCount "137"]
[EventDate "2024.02.21"]
[EventType "swiss (blitz)"]
[EventRounds "11"]
[EventCountry "NET"]
[SourceTitle "CBM 218 Extra"]
[Source "ChessBase"]
[SourceDate "2024.03.31"]
[SourceVersion "1"]
[SourceVersionDate "2024.03.31"]
[SourceQuality "1"]

1. e4 c6 2. d4 d5 3. e5 Bf5 4. Nf3 e6 5. Nbd2 a5 6. a4 Ne7 7. Nb3 Nc8 8. Be2 Be7 9. 0-0 g5 10. Nc5 g4 11. Ne1 b6 12. Nb7 Qc7 13. Nd6+ Nxd6 14. exd6 Bxd6 15. g3 h5 16. Ng2 Nd7 17. Nh4 Nf6 18. Nxf5 exf5 19. Bd3 f4 20. Re1+ Kf8 21. c4 h4 22. c5 bxc5 23. dxc5 Be5 24. Rxe5 Qxe5 25. Bxf4 Qh5 26. Bd6+ Kg7 27. gxh4 Qxh4 28. Qd2 Rh5 29. Bg3 Qg5 30. Bf4 Qh4 31. Bg3 Qg5 32. Bf4 Ne4 33. Bxe4 Qf6 34. Bg2 Re8 35. Bg3 Rf5 36. Re1 Rxe1+ 37. Qxe1 d4 38. Qe2 Rxc5 39. Qxg4+ Rg5 40. Qe2 Qg6 41. Be5+ Rxe5 42. Qxe5+ Kh7 43. Qxd4 f5 44. Qh4+ Kg7 45. Qe7+ Kh6 46. Qe3+ Kg7 47. Qc3+ Kh7 48. Qxc6 f4 49. Qxg6+ Kxg6 50. Kf1 Kf5 51. Ke2 Kg4 52. h3+ Kh4 53. Kf3 Kg5 54. h4+ Kf5 55. h5 Ke5 56. h6 Kd4 57. h7 Kc4 58. h8Q Kb3 59. Qc3+ Kxa4 60. Ke2 Kb5 61. Bc6+ Kb6 62. b4 a4 63. Qc4 f3+ 64. Kd2 a3 65. Qb5+ Kc7 66. Qb7+ Kd6 67. Qd7+ Ke5 68. Qe7+ Kd4 69. Qe4# 1-0

[Event "Swiss Queens Wed #3"]
[Site "FIDE Online Arena INT"]
[Date "2024.02.14"]
[Round "6"]
[White "Mahdian, Anousha"]
[Black "Shubenkova, Veronika"]
[Result "1-0"]
[WhiteElo "2069"]
[BlackElo "2007"]
[PlyCount "75"]
[EventDate "2024.02.14"]
[EventType "swiss (blitz)"]
[EventRounds "11"]
[EventCountry "NET"]
[SourceTitle "CBM 218 Extra"]
[Source "ChessBase"]
[SourceDate "2024.03.31"]
[SourceVersion "1"]
[SourceVersionDate "2024.03.31"]
[SourceQuality "1"]

1. d4 d5 2. c4 e6 3. Nc3 f5 4. g3 Nf6 5. Bg2 c6 6. Nf3 Bd6 7. 0-0 Nbd7 8. Bf4 Qe7 9. e3 0-0 10. c5 Bb8 11. Bxb8 Rxb8 12. b4 e5 13. a4 a6 14. b5 axb5 15. axb5 Ne4 16. Qc2 Nxc3 17. Qxc3 e4 18. Nd2 Nf6 19. Qb3 Bd7 20. b6 g5 21. Ra7 Ng4 22. h3 Nh6 23. f3 exf3 24. Nxf3 g4 25. Ne5 gxh3 26. Bxh3 Rf6 27. e4 Kh8 28. exd5 cxd5 29. Qxd5 Bc6 30. Nxc6 Qe3+ 31. Kh2 bxc6 32. Qe5 Qd2+ 33. Kg1 Rbf8 34. Qf4 Qd3 35. Rf3 Qb1+ 36. Rf1 Qc2 37. Qc7 f4 38. Qxh7+ 1-0